000 01015nam a2200313 i 4500
650 7 _9120342
_aKonuşma özgürlüğü
_zAmerika Birleşik Devletleri
_2etuturkob
650 0 _9120340
_aFreedom of speech
_zUnited States
999 _c200429864
_d47790
001 200429864
003 TR-AnTOB
005 20190408222003.0
007 ta
008 111026s2003 tu tur d
020 _a9758836021
040 _aTR-AnTOB
_beng
_erda
_cTR-AnTOB
_dTR-AnTOB
041 0 _atur
050 0 _aKF4772
_b.A23 2003
090 _aKF4772
_b.A23 2003
245 0 0 _aABD Yüksek Mahkemesi kararlarında ifade özgürlüğü /
_cderleyen Zühtü Arslan.
246 3 0 _aİfade özgürlüğü
264 1 _aAnkara :
_bLiberal Düşünce Topluluğu,
_c2003.
300 _a535 pages ;
_c24 cm.
336 _atext
_2rdacontent
337 _aunmediated
_2rdamedia
338 _avolume
_2rdacarrier
504 _aIncludes bibliographical references.
700 1 _aArslan, Zühtü
_eeditor
_9120357
942 _2lcc
_cBK